000 00703nam a2200217Ia 4500
005 20250508165921.0
008 008 250505s9999 xx 000 0 eng d
020 _a0-521-42287-6
037 _aTextBook
040 _aFEDL
_beng
_cFEDL
041 _aeng
_2eng
084 _a153, STR/R
_qFEDL
100 _aSternberg Robert J Ed.
245 0 _aMind in context: Internationist perspectives on human intelligence
260 _aCambridge
_bCambridge University Press
_c1994
300 _axii, 245p.
546 _aGifted by H.O.D. Namita Ranganathan in memory of Prof. Arvind Gaysu
700 _a Wagner Richard K Ed.
_9782406
942 _cTB
_h153, STR/R
999 _c1398172
_d1398172